| 000 | 00418nam a2200145 a 4500 | ||
|---|---|---|---|
| 001 | 723 | ||
| 003 | CDMR | ||
| 005 | 20130116135157.0 | ||
| 008 | 130130s1995||||||||||||||||||||||||||||d | ||
| 040 |
_aCDMR _bcat _cCPC LLEIDA |
||
| 110 | 2 |
_aInstitut d'Estudis Catalans _9559 |
|
| 245 | 1 | 0 |
_aDiccionari de llengua catalana _cInstitut d'Estudis Catalans |
| 260 |
_aBarcelona _c1995 _bEnciclopèdia Catalana, Edicions 62 |
||
| 942 | _cMON | ||
| 999 |
_c723 _d723 |
||